LEADER 02719nam 2200649 450 001 9910133548403321 005 20230621140356.0 010 $a2-7226-0277-6 024 7 $a10.4000/books.cdf.3297 035 $a(CKB)3390000000053483 035 $a(SSID)ssj0001538979 035 $a(PQKBManifestationID)11922166 035 $a(PQKBTitleCode)TC0001538979 035 $a(PQKBWorkID)11536610 035 $a(PQKB)10912059 035 $a(WaSeSS)IndRDA00044770 035 $a(FrMaCLE)OB-cdf-3297 035 $a(oapen)https://directory.doabooks.org/handle/20.500.12854/52418 035 $a(PPN)26795154X 035 $a(EXLCZ)993390000000053483 100 $a20160829d2013 uy 0 101 0 $afre 135 $aur||||||||||| 181 $ctxt$2rdacontent 182 $cc$2rdamedia 183 $acr$2rdacarrier 200 12$aL'informatique du temps et des événements /$fGerard Berry 210 $cCollège de France$d2013 210 31$a[Place of publication not identified]$cCollège de France$d2013 215 $a1 online resource (88 pages) $cdigital, PDF file(s) 225 1 $aLec?ons inaugurales du Colle?ge de France ;$v236 300 $aBibliographic Level Mode of Issuance: Monograph 311 08$aPrint version: 9782213678726 320 $aIncludes bibliographical references. 330 $aManaging time and events is central in various fields from IT, circuits and software embedded in objects of all kinds to musical creation, including the simulation of physical phenomena. This subject is however little treated by traditional data processing. This lesson presents models of time and events associated with new programming languages. It deals with the notions of thickness of the instant, of hierarchical and multiform time created by the repetition of events, and of the real time / continuous time relationship. 410 0$aLec?ons inaugurales du Colle?ge de France ;$v236. 606 $aElectrical & Computer Engineering$2HILCC 606 $aEngineering & Applied Sciences$2HILCC 606 $aElectrical Engineering$2HILCC 610 $asystèmes embarqués 610 $aprogrammation informatique 610 $asciences numériques 610 $alangages informatiques 610 $alangage de programmation 610 $ainformatique 610 $atemps 610 $asynchronisation 615 7$aElectrical & Computer Engineering 615 7$aEngineering & Applied Sciences 615 7$aElectrical Engineering 700 $aBerry$b Gérard$0802312 801 0$bPQKB 801 2$bUkMaJRU 906 $aBOOK 912 $a9910133548403321 996 $aL?informatique du temps et des événements$91803572 997 $aUNINA